[Event "HUN Team Ch"]
[Site "HUN"]
[Date "1993.??.??"]
[Round "?"]
[White "Monda, Laszlo"]
[Black "Donka, Peter"]
[Result "1/2-1/2"]
[WhiteElo "2260"]
[BlackElo "2215"]
[PlyCount "86"]
[EventDate "1993.??.??"]
[Source "www.chesslib.no"]
[SourceDate "2004.05.04"]

1. e4 d5 2. exd5 Qxd5 3. Nc3 Qa5 4. d4 e5 5. Qh5 Nc6 6. Bb5 Bd7 7. Bxc6 Bxc6 8. d5 Bb4 9. dxc6 Bxc3+ 10. Kf1 Qb5+ 11. Qe2 Qxe2+ 12. Kxe2 Ba5 13. Nf3 O-O-O 14. Be3 f6 15. c4 Bb4 16. cxb7+ Kxb7 17. c5 c6 18. a3 Ba5 19. b4 Bc7 20. a4 Ne7 21. Rhc1 e4 22. Nd2 f5 23. Bg5 Rhe8 24. Nc4 a6 25. Rab1 h6 26. Bxe7 Rxe7 27. h3 f4 28. Rd1 Rf8 29. Nd6+ Bxd6 30. cxd6 Re6 31. b5 axb5 32. axb5 cxb5 33. Rxb5+ Kc6 34. Ra5 Rd8 35. Ra4 Rdxd6 36. Rc1+ Kb7 37. Rcc4 e3 38. Rab4+ Ka7 39. Ra4+ Kb7 40. Rab4+ Rb6 41. Rxb6+ Kxb6 42. Rxf4 exf2+ 43. Kxf2 Kc6 1/2-1/2

[Event "Debrecen-C"]
[Site "Debrecen"]
[Date "1993.??.??"]
[Round "7"]
[White "Katona, Marton"]
[Black "Donka, Peter"]
[Result "1-0"]
[WhiteElo "2255"]
[BlackElo "2215"]
[PlyCount "113"]
[EventDate "1993.??.??"]
[Source "www.chesslib.no"]
[SourceDate "2004.05.04"]

1. e4 d5 2. exd5 Qxd5 3. Nc3 Qa5 4. d4 e5 5. dxe5 Nc6 6. Qd5 Bb4 7. Qxa5 Bxa5 8. Bd2 Bf5 9. O-O-O O-O-O 10. Nf3 Bg4 11. e6 fxe6 12. Be2 Nf6 13. Bc4 Nd4 14. Nxd4 Rxd4 15. Be2 Rhd8 16. f3 Bf5 17. Be3 Bxc3 18. bxc3 Ra4 19. Rxd8+ Kxd8 20. Rd1+ Kc8 21. Kb2 e5 22. Kb3 Ra5 23. Bc4 c5 24. g4 b5 25. Bf7 c4+ 26. Kb2 Bg6 27. Be6+ Kc7 28. g5 Ne8 29. Rd7+ Kc6 30. Bg4 a6 31. h4 b4 32. cxb4 c3+ 33. Kb3 Rb5 34. a4 Rb8 35. h5 Bxh5 36. Ra7 Bxg4 37. Rxa6+ Kd5 38. fxg4 Rc8 39. Bc5 Nc7 40. Rd6+ Ke4 41. Kxc3 Kf3 42. Kb3 e4 43. Rd7 Ne6 44. Bb6 e3 45. Rf7+ Ke4 46. Re7 Rc6 47. Bxe3 Kxe3 48. b5 Rd6 49. a5 Kd2 50. Rxe6 Rxe6 51. b6 Re1 52. Kc4 Re4+ 53. Kb5 Kc3 54. b7 Rb4+ 55. Ka6 Kc4 56. Ka7 Rb5 57. a6 1-0

[Event "Preston (England)"]
[Site "?"]
[Date "2003.??.??"]
[Round "?"]
[White "Mannion Stephen R"]
[Black "Wiltshire Richard"]
[Result "1-0"]
[WhiteElo "2357"]
[BlackElo "2104"]
[PlyCount "78"]
[EventDate "2003.??.??"]
[Source "www.chesslib.no"]
[SourceDate "2004.05.04"]

1. e4 d5 2. exd5 Qxd5 3. Nc3 Qa5 4. d4 e5 5. dxe5 Bb4 6. Nf3 Nc6 7. Bd2 Bg4 8. a3 Nd4 9. Bb5+ c6 10. O-O Bxf3 11. axb4 Bxd1 12. bxa5 Bxc2 13. Ba4 Ne7 14. Bxc2 Nxc2 15. Ra4 Rd8 16. Ne4 Nf5 17. g4 Rd4 18. b3 Nh4 19. Bc3 Rd3 20. Rc1 O-O 21. Kf1 Ne3+ 22. Ke2 Rxc3 23. Nxc3 Nd5 24. Nxd5 cxd5 25. Rc7 Re8 26. Rxb7 Rxe5+ 27. Kd3 g5 28. f4 Re1 29. fxg5 Nf3 30. Rf4 Nxg5 31. Rxa7 Rh1 32. a6 Rxh2 33. Re7 Rh3+ 34. Re3 Rxe3+ 35. Kxe3 Ne6 36. a7 Nc7 37. Ra4 Na8 38. Rb4 Kg7 39. Rb8 Nc7 1-0

[Event "Corr"]
[Site "?"]
[Date "2002.04.30"]
[Round "?"]
[White "Louro Eugenio Diogo (POR)"]
[Black "Madsen Michael Ole (DEN)"]
[Result "1/2-1/2"]
[WhiteElo "2235"]
[BlackElo "2202"]
[PlyCount "36"]
[EventDate "2002.??.??"]
[Source "www.chesslib.no"]
[SourceDate "2004.05.04"]

1. e4 d5 2. exd5 Qxd5 3. Nc3 Qa5 4. d4 e5 5. dxe5 Nc6 6. Nf3 Bb4 7. Bd2 Bg4 8. a3 Nd4 9. Bb5+ c6 10. O-O Bxf3 11. axb4 Bxd1 12. bxa5 Bxc2 13. Ba4 f6 14. Be3 fxe5 15. Bxd4 exd4 16. Rfe1+ Kd7 17. Bxc2 dxc3 18. bxc3 Kc7 1/2-1/2

[Event "Wch U20 Girls"]
[Site "Calicut"]
[Date "1998.11.20"]
[Round "4"]
[White "Nguyen Thi Tuong Van"]
[Black "Houska, Jovanka"]
[Result "1-0"]
[WhiteElo "2220"]
[BlackElo "2190"]
[PlyCount "81"]
[EventDate "1998.11.17"]
[Source "ChessBase"]
[SourceDate "1999.01.01"]

1. e4 d5 2. exd5 Qxd5 3. Nc3 Qa5 4. d4 e5 5. dxe5 Nc6 6. Bd2 Bb4 7. a3 Nd4 8. Nf3 Bg4 9. Bb5+ c6 10. O-O Bxf3 11. axb4 Bxd1 12. bxa5 Bxc2 13. Bc4 Nb3 14. Bxb3 Bxb3 15. Ne4 O-O-O 16. Bg5 f6 17. exf6 gxf6 18. Nxf6 h6 19. Bh4 Rd4 20. f4 Ne7 21. Rae1 Ng6 22. Bg3 Rf8 23. f5 Rxf6 24. fxg6 Rxf1+ 25. Rxf1 Bd5 26. Bf4 Re4 27. h4 h5 28. Bg5 Kd7 29. Rf7+ Ke6 30. Rxb7 Kf5 31. g7 Kg4 32. Kf2 c5 33. Rb8 Rb4 34. g8=Q Bxg8 35. Rxg8 Rxb2+ 36. Ke3 Kf5 37. Rg7 Rb3+ 38. Kd2 Ke4 39. Rxa7 Rg3 40. Re7+ Kd4 41. Re3 1-0

[Event "CZE Ch"]
[Site "Czekhoslovakia"]
[Date "1991.??.??"]
[Round "6"]
[White "Trefny, Vlastimil"]
[Black "Stulik, Vlastimil"]
[Result "1-0"]
[WhiteElo "2200"]
[BlackElo "2200"]
[PlyCount "23"]
[EventDate "1991.??.??"]
[Source "www.chesslib.no"]
[SourceDate "2004.05.04"]

1. e4 d5 2. exd5 Qxd5 3. Nc3 Qa5 4. d4 e5 5. dxe5 Nc6 6. Nf3 Bb4 7. Bd2 Bg4 8. a3 Nd4 9. Bb5+ Nxb5 10. axb4 Bxf3 11. Rxa5 Bxd1 12. Nxb5 1-0

[Event "BUL-chT"]
[Site "Pamporovo"]
[Date "2001.10.08"]
[Round "7"]
[White "Bozov, Ahmet"]
[Black "Angelov, Kosta"]
[Result "0-1"]
[WhiteElo "2105"]
[BlackElo "2292"]
[PlyCount "44"]
[EventDate "2001.10.03"]
[Source "ChessBase"]
[SourceDate "2001.10.26"]

1. e4 d5 2. exd5 Qxd5 3. Nc3 Qa5 4. d4 e5 5. dxe5 Nc6 6. f4 Bb4 7. Bd2 Bf5 8. a3 Nd4 9. Bd3 Bxd3 10. cxd3 O-O-O 11. Nf3 Nxf3+ 12. Qxf3 Qa6 13. Ke2 Bc5 14. Rhd1 Ne7 15. Ne4 Bd4 16. Bc3 f6 17. Bxd4 Rxd4 18. Nc5 Qb6 19. b4 Ng6 20. Qg4+ Kd8 21. Ne6+ Qxe6 22. Qxe6 Nxf4+ 0-1

[Event "It Open"]
[Site "Toronto CAN"]
[Date "1995.??.??"]
[Round "5"]
[White "Glinert, Stephen"]
[Black "Meng Ang"]
[Result "1/2-1/2"]
[WhiteElo "2170"]
[BlackElo "2226"]
[PlyCount "98"]
[EventDate "1995.??.??"]
[Source "www.chesslib.no"]
[SourceDate "2004.05.04"]

1. e4 d5 2. exd5 Qxd5 3. Nc3 Qa5 4. d4 e5 5. Nf3 Bb4 6. Bd2 Bg4 7. dxe5 Nc6 8. a3 Nd4 9. Bd3 Bxf3 10. gxf3 Qxe5+ 11. Be4 Bxc3 12. bxc3 Ne6 13. Qe2 Nd8 14. O-O-O Ne7 15. Rhg1 Ne6 16. Rge1 Qd6 17. Kb2 Qxh2 18. Qb5+ c6 19. Qe2 h5 20. f4 Qh4 21. Qe3 Qf6 22. f5 Nxf5 23. Qh3 Nd6 24. Bd3 O-O-O 25. Be3 Kb8 26. Rb1 Ng5 27. Qg3 Nf3 28. Red1 h4 29. Qg2 h3 30. Qg3 h2 31. Rh1 Ka8 32. Be2 Ng1 33. Bd3 Rh3 34. Qg4 Rh4 35. Qg3 Nf3 36. Be2 Ne4 37. Qxf3 Qxc3+ 38. Ka2 Qxc2+ 39. Rb2 Nc3+ 40. Ka1 Qa4 41. Bc5 Nxe2 42. Qxe2 g6 43. Qe7 Rhh8 44. Bd6 Rhe8 45. Qc7 Qe4 46. Rxh2 Qd5 47. Bb4 f5 48. Bc3 Qf3 49. Rc2 Re1+ 1/2-1/2

[Event "SWE-chB"]
[Site "Borlange SWE"]
[Date "1995.??.??"]
[Round "?"]
[White "Persson, Richard"]
[Black "Tornblom, Nils"]
[Result "1/2-1/2"]
[WhiteElo "2135"]
[BlackElo "2255"]
[PlyCount "67"]
[EventDate "1995.07.??"]
[Source "www.chesslib.no"]
[SourceDate "2004.05.04"]

1. e4 d5 2. exd5 Qxd5 3. Nc3 Qa5 4. d4 e5 5. dxe5 Bb4 6. Bd2 Nc6 7. a3 Qxe5+ 8. Be2 Bxc3 9. Bxc3 Qg5 10. Nf3 Qh6 11. O-O Nge7 12. Ne5 O-O 13. Bf3 Bf5 14. Qe2 a6 15. Nxc6 Nxc6 16. Rfe1 Rad8 17. Bxc6 Qxc6 18. Qe5 Qg6 19. Qxc7 Be4 20. Qg3 Qxg3 21. fxg3 Bxc2 22. Re7 b5 23. Rae1 Ra8 24. R1e5 f6 25. Rc5 Bb3 26. g4 h6 27. h4 Rf7 28. Re3 Bc4 29. g5 fxg5 30. hxg5 hxg5 31. Rxg5 Rd8 32. Kh2 Rd5 33. Re8+ Kh7 34. Rge5 1/2-1/2

[Event "CRO-ch U18"]
[Site "?"]
[Date "2000.??.??"]
[Round "6"]
[White "Bocina Darko"]
[Black "Malada Vinko"]
[Result "1-0"]
[WhiteElo "2200"]
[BlackElo "2189"]
[PlyCount "29"]
[EventDate "2000.??.??"]
[Source "www.chesslib.no"]
[SourceDate "2004.05.04"]

1. e4 d5 2. exd5 Qxd5 3. Nc3 Qa5 4. d4 e5 5. Nf3 Bg4 6. Be2 Nc6 7. O-O Bxf3 8. Bxf3 Nxd4 9. Bxb7 Rb8 10. Re1 Rxb7 11. Qxd4 Bd6 12. Qg4 Ne7 13. Qxg7 Rg8 14. Qxh7 Rb4 15. Ne4 1-0

[Event "AUT-ch"]
[Site "Frohnleiten"]
[Date "2000.??.??"]
[Round "8.34"]
[White "Dohr, Alexander"]
[Black "Aschenbrenner, Robert"]
[Result "1-0"]
[WhiteElo "2177"]
[BlackElo "2200"]
[PlyCount "51"]
[EventDate "2000.08.05"]
[Source "ChessBase"]
[SourceDate "2000.09.14"]

1. e4 d5 2. exd5 Qxd5 3. Nc3 Qa5 4. d4 e5 5. dxe5 Nc6 6. Bb5 Bd7 7. Qe2 O-O-O 8. Nf3 Bb4 9. Bd2 Nxe5 10. Bxd7+ Nxd7 11. O-O Ngf6 12. a3 Bxc3 13. Bxc3 Qh5 14. Rfe1 Rhe8 15. Qc4 Nb6 16. Qb3 Nfd5 17. Be5 f6 18. Bg3 Qg4 19. Rxe8 Rxe8 20. Qb5 Re7 21. Rd1 Qe4 22. h3 c6 23. Qc5 Qe6 24. c4 Qe2 25. Rd4 Nc7 26. Bxc7 1-0

[Event "Hawick"]
[Site "?"]
[Date "2002.06.??"]
[Round "1"]
[White "Mannion Stephen R"]
[Black "Wiltshire Richard"]
[Result "1-0"]
[WhiteElo "2410"]
[BlackElo "1965"]
[PlyCount "65"]
[EventDate "2002.??.??"]
[Source "www.chesslib.no"]
[SourceDate "2004.05.04"]

1. e4 d5 2. exd5 Qxd5 3. Nc3 Qa5 4. d4 e5 5. dxe5 Bb4 6. Nf3 Nc6 7. Bd2 Bg4 8. Bb5 Nge7 9. a3 Bxc3 10. Bxc6+ Nxc6 11. Bxc3 Qc5 12. O-O O-O 13. Re1 Rfe8 14. h3 Bh5 15. Qe2 Rad8 16. g4 Bg6 17. Rad1 a5 18. Rxd8 Nxd8 19. Nd4 b6 20. f4 f6 21. Kh2 fxe5 22. fxe5 Ne6 23. Nf5 h6 24. Qe3 Qc4 25. Kg3 Kh7 26. Qf3 Ng5 27. Qe2 Qd5 28. h4 Ne6 29. h5 Bf7 30. Rd1 Qb7 31. Rd7 Bg8 32. Nd6 Qd5 33. Nf7 1-0

[Event "Aberto do Brasil BCX, Brasilia BRA"]
[Site "?"]
[Date "2001.??.??"]
[Round "3"]
[White "Farhat, B."]
[Black "Caldeira, A."]
[Result "0-1"]
[WhiteElo "2070"]
[BlackElo "2300"]
[PlyCount "88"]
[EventDate "2001.??.??"]
[Source "www.chesslib.no"]
[SourceDate "2004.05.04"]

1. e4 d5 2. exd5 Qxd5 3. Nc3 Qa5 4. d4 e5 5. Qh5 Nc6 6. Bb5 Bd7 7. Bd2 Nf6 8. Qe2 O-O-O 9. Nd5 Bb4 10. Nxb4 Nxb4 11. Bxd7+ Rxd7 12. Bxb4 Qxb4+ 13. c3 Qa5 14. dxe5 Nd5 15. Qc4 Qb6 16. Qb3 Qg6 17. O-O-O Qxg2 18. Ne2 Qxf2 19. Nd4 Qf4+ 20. Kb1 Ne3 21. Rc1 Rhd8 22. a3 Qxe5 23. Rce1 f5 24. Rhf1 Qe4+ 25. Ka2 g6 26. Ne6 Rh8 27. Nc5 Qd5 28. Rxe3 Qxc5 29. Rfe1 Rhd8 30. Re5 Qc6 31. Re8 Qd5 32. c4 Qc5 33. R1e5 Qb6 34. Rxd8+ Rxd8 35. Rb5 Qc6 36. Qb4 f4 37. Rc5 Qd6 38. Qa5 Qb6 39. Qxb6 axb6 40. Rg5 Kd7 41. Rg2 Ke6 42. Kb3 Kf5 43. Kc3 f3 44. Rf2 Kf4 0-1

[Event "Budapest HUN"]
[Site "?"]
[Date "1998.??.??"]
[Round "?"]
[White "Pinter Gabor"]
[Black "Pergel Laszlo"]
[Result "1/2-1/2"]
[WhiteElo "2135"]
[BlackElo "2235"]
[PlyCount "77"]
[EventDate "1998.??.??"]
[Source "www.chesslib.no"]
[SourceDate "2004.05.04"]

1. e4 d5 2. exd5 Qxd5 3. Nc3 Qa5 4. d4 e5 5. dxe5 Bb4 6. Bd2 Nc6 7. a3 Qxe5+ 8. Qe2 Bd6 9. Nb5 Bf5 10. Nxd6+ cxd6 11. Bc3 Qxe2+ 12. Bxe2 f6 13. O-O-O O-O-O 14. g4 Be6 15. f4 d5 16. f5 Bf7 17. Nf3 Nge7 18. b4 a6 19. a4 h5 20. h3 hxg4 21. hxg4 Rxh1 22. Rxh1 d4 23. Bd2 Bg8 24. b5 axb5 25. axb5 Ne5 26. Nxe5 fxe5 27. Bd3 Kc7 28. Re1 Nd5 29. Rxe5 Kb6 30. g5 Ra8 31. Bc4 Nc7 32. Bxg8 Rxg8 33. c4 dxc3 34. Bxc3 Nxb5 35. Bb2 Kc6 36. Re7 Nd6 37. Rxg7 Rxg7 38. Bxg7 Nxf5 39. Bf6 1/2-1/2

[Event "Celle Ligure Open"]
[Site "Celle Ligure"]
[Date "1996.??.??"]
[Round "4"]
[White "Hitzgerova, Gabriela"]
[Black "Cirabisi, Federico"]
[Result "0-1"]
[WhiteElo "2155"]
[BlackElo "2205"]
[PlyCount "40"]
[EventDate "1996.??.??"]
[Source "www.chesslib.no"]
[SourceDate "2004.05.04"]

1. e4 d5 2. exd5 Qxd5 3. Nc3 Qa5 4. d4 e5 5. Qe2 Bf5 6. Qxe5+ Qxe5+ 7. dxe5 Nd7 8. Nd5 O-O-O 9. Ne3 Bg6 10. f4 Bc5 11. c3 f6 12. e6 Nb6 13. Nf3 Nh6 14. Nc4 Rhe8 15. Nxb6+ Bxb6 16. Bc4 Bf5 17. Bd2 Ng4 18. Rf1 Bxe6 19. Bxe6+ Rxe6+ 20. Kd1 Ne3+ 0-1

[Event "Novosibirsk (Russia)"]
[Site "?"]
[Date "2004.08.??"]
[Round "4"]
[White "Kineva Ekaterina"]
[Black "Nebolsina Vera"]
[Result "0-1"]
[WhiteElo "2139"]
[BlackElo "2218"]
[PlyCount "62"]
[EventDate "2004.??.??"]
[Source "www.chesslib.no"]
[SourceDate "2004.05.04"]

1. e4 d5 2. exd5 Qxd5 3. Nc3 Qa5 4. d4 e5 5. Nf3 Bg4 6. Be2 Nc6 7. dxe5 Bb4 8. O-O Nge7 9. Bd2 O-O-O 10. Qe1 Bxf3 11. Bxf3 Nxe5 12. Be2 Nd5 13. a3 Bxc3 14. bxc3 Nb6 15. Bf4 Rhe8 16. Rb1 Nec4 17. a4 Na3 18. Rd1 Nd5 19. Be5 Qxa4 20. Rd4 Qc6 21. Bg4+ Kb8 22. Re4 Nf6 23. Bxf6 Rxe4 24. Bxd8 Rxe1 25. Rxe1 Qxc3 26. Rd1 a5 27. h3 Nb5 28. Be7 a4 29. Bd7 c6 30. Bg5 a3 31. Bf4+ Ka7 0-1

[Event "Imperia op"]
[Site "?"]
[Date "1996.??.??"]
[Round "3"]
[White "Murgia Andrea"]
[Black "Cirabisi Federico"]
[Result "1-0"]
[WhiteElo "2175"]
[BlackElo "2180"]
[PlyCount "54"]
[EventDate "1996.??.??"]
[Source "www.chesslib.no"]
[SourceDate "2004.05.04"]

1. e4 d5 2. exd5 Qxd5 3. Nc3 Qa5 4. d4 e5 5. dxe5 Nc6 6. Bb5 Bd7 7. Qe2 O-O-O 8. Nf3 a6 9. Bxc6 Bxc6 10. O-O h6 11. a3 g5 12. Nd2 Bg7 13. Nc4 Qc5 14. Be3 Qe7 15. f4 f6 16. Na5 Be8 17. Qf3 c6 18. Bb6 fxe5 19. fxe5 Bd7 20. Bxd8 Qxd8 21. Nc4 Ne7 22. Rad1 Rf8 23. Qd3 Rxf1+ 24. Rxf1 b5 25. Nd6+ Kb8 26. Qe3 Be6 27. Kh1 Ng6 1-0

[Event "HUN-ch U18"]
[Site "?"]
[Date "2000.04.15"]
[Round "2"]
[White "Szilagyi Zsolt"]
[Black "Boer Jozsef"]
[Result "1/2-1/2"]
[WhiteElo "2177"]
[BlackElo "2172"]
[PlyCount "24"]
[EventDate "2000.??.??"]
[Source "www.chesslib.no"]
[SourceDate "2004.05.04"]

1. e4 d5 2. exd5 Qxd5 3. Nc3 Qa5 4. d4 e5 5. dxe5 Qxe5+ 6. Qe2 Qxe2+ 7. Bxe2 c6 8. Nf3 Nf6 9. O-O Bb4 10. Bd2 O-O 11. Ne4 Be7 12. Nxf6+ Bxf6 1/2-1/2

[Event "Groningen ABM op"]
[Site "?"]
[Date "1999.??.??"]
[Round "?"]
[White "Houtman Joop"]
[Black "Griffa Roberto"]
[Result "1-0"]
[WhiteElo "2255"]
[BlackElo "2083"]
[PlyCount "89"]
[EventDate "1999.??.??"]
[Source "www.chesslib.no"]
[SourceDate "2004.05.04"]

1. e4 d5 2. exd5 Qxd5 3. Nc3 Qa5 4. d4 e5 5. Qe2 Nc6 6. dxe5 Bb4 7. Bd2 Bf5 8. Nf3 O-O-O 9. Qb5 Nge7 10. Qxa5 Bxa5 11. Bc4 Bxc2 12. Bxf7 Bg6 13. Bxg6 Nxg6 14. O-O-O Ngxe5 15. Nxe5 Nxe5 16. Be3 Bxc3 17. bxc3 Rxd1+ 18. Rxd1 Rd8 19. Bd4 Nc6 20. Be3 Rxd1+ 21. Kxd1 Kd7 22. Ke2 Ke6 23. Kd3 b6 24. Ke4 Ne7 25. g4 c5 26. f4 g6 27. Bf2 Nc8 28. f5+ Kf6 29. Bh4+ Kf7 30. Kd5 gxf5 31. gxf5 Ne7+ 32. Bxe7 Kxe7 33. Kc6 Kf6 34. a4 Kxf5 35. Kb7 Ke4 36. Kxa7 c4 37. Kxb6 Kd3 38. a5 Kxc3 39. a6 Kb2 40. a7 c3 41. a8=Q c2 42. Qh8+ Ka2 43. Qc3 Kb1 44. Qb3+ Kc1 45. Kc5 1-0

[Event "Manila ol women"]
[Site "Manila PHI"]
[Date "1992.??.??"]
[Round "?"]
[White "Hund, Barbara"]
[Black "Oney, Gulumser"]
[Result "1-0"]
[WhiteElo "2300"]
[BlackElo "2030"]
[PlyCount "69"]
[EventDate "1992.06.??"]
[Source "www.chesslib.no"]
[SourceDate "2004.05.04"]

1. e4 d5 2. exd5 Qxd5 3. Nc3 Qa5 4. d4 e5 5. dxe5 Bb4 6. Nf3 Bg4 7. Be2 Nc6 8. O-O Nge7 9. h3 Bf5 10. Bg5 Bxc3 11. bxc3 Qxc3 12. Rb1 b6 13. Rb3 Qxc2 14. Qxc2 Bxc2 15. Rc3 Be4 16. Bxe7 Kxe7 17. Ng5 Nd4 18. Bg4 Nb5 19. Nxe4 Nxc3 20. Nxc3 Rhd8 21. Bf3 Rac8 22. Nb5 Rd2 23. Nxa7 Rf8 24. Nb5 c5 25. Nc3 Ke6 26. Rb1 Rb8 27. Na4 c4 28. Bg4+ Kxe5 29. Nc3 h6 30. a4 Rc2 31. Nb5 Ra2 32. Re1+ Kf6 33. Nc3 Rd8 34. Bf3 Rd6 35. Nxa2 1-0

[Event "Guelph op"]
[Site "Guelph"]
[Date "2002.08.08"]
[Round "2"]
[White "Masse, Hugues"]
[Black "Meng, Ang"]
[Result "1/2-1/2"]
[WhiteElo "2095"]
[BlackElo "2226"]
[PlyCount "63"]
[EventDate "2002.08.07"]
[Source "ChessBase"]
[SourceDate "2002.09.11"]

1. e4 d5 2. exd5 Qxd5 3. Nc3 Qa5 4. d4 e5 5. Nf3 Bg4 6. Be2 Nc6 7. Nxe5 Bxe2 8. Qxe2 Nxd4 9. Qe4 Nxc2+ 10. Kd1 Nf6 11. Qxb7 Rd8+ 12. Kxc2 Qxe5 13. Qb5+ Qxb5 14. Nxb5 Bc5 15. Re1+ Kd7 16. Be3 Bxe3 17. Rxe3 Nd5 18. Rd1 Kc6 19. Rb3 a6 20. Nd4+ Kc5 21. a3 Rhe8 22. g3 Re4 23. Rbd3 c6 24. Nb3+ Kb6 25. Rd4 Re2+ 26. R1d2 Rde8 27. Rxe2 Rxe2+ 28. Rd2 Re1 29. Rd1 Re4 30. Rd4 Re2+ 31. Rd2 Re1 32. Rd1 1/2-1/2

[Event "HUN-chT2 9900"]
[Site "?"]
[Date "2000.01.23"]
[Round "6"]
[White "Schmikli Laszlo"]
[Black "Rudolf Laszlo"]
[Result "1-0"]
[WhiteElo "2175"]
[BlackElo "2146"]
[PlyCount "101"]
[EventDate "2000.??.??"]
[Source "www.chesslib.no"]
[SourceDate "2004.05.04"]

1. e4 d5 2. exd5 Qxd5 3. Nc3 Qa5 4. d4 e5 5. Qh5 Nc6 6. Bb5 Bb4 7. Bxc6+ bxc6 8. Qxe5+ Qxe5+ 9. dxe5 Bf5 10. Bd2 Bxc2 11. Rc1 Bf5 12. a3 Ba5 13. b4 Bb6 14. Na4 Ne7 15. Nc5 a5 16. Nf3 O-O 17. Nd4 Bc8 18. bxa5 Bxa5 19. Bxa5 Rxa5 20. a4 Ng6 21. Nxc6 Ra8 22. O-O Re8 23. f4 Ba6 24. Rf2 f6 25. e6 f5 26. g3 Bc8 27. Re2 Kf8 28. Nd4 Ne7 29. Nd7+ Kg8 30. Ra2 Nd5 31. Rc5 Nb4 32. Ra3 c6 33. a5 Bxd7 34. exd7 Red8 35. Ra4 Na6 36. Rxc6 Rxd7 37. Nxf5 g6 38. Nd6 Kg7 39. Kg2 Re7 40. f5 Re2+ 41. Kh3 Re5 42. Rf4 Rxa5 43. f6+ Kf8 44. Rfc4 Rh5+ 45. Kg2 Nc5 46. R6xc5 Rxc5 47. Rxc5 Rd8 48. Rc6 h5 49. Kf3 Kg8 50. Kf4 Rf8 51. Kg5 1-0

[Event "HUN-chT2 9900"]
[Site "?"]
[Date "2000.02.13"]
[Round "7"]
[White "Antal Jozsef"]
[Black "Rudolf Laszlo"]
[Result "1-0"]
[WhiteElo "2174"]
[BlackElo "2146"]
[PlyCount "71"]
[EventDate "2000.??.??"]
[Source "www.chesslib.no"]
[SourceDate "2004.05.04"]

1. e4 d5 2. exd5 Qxd5 3. Nc3 Qa5 4. d4 e5 5. dxe5 Nc6 6. Nf3 Bb4 7. Bd2 Bg4 8. a3 Nd4 9. Bb5+ c6 10. O-O Bxf3 11. axb4 Bxd1 12. bxa5 Bxc2 13. Ba4 Bxa4 14. Rxa4 Ne6 15. Ne4 O-O-O 16. Nd6+ Kc7 17. Be3 Rd7 18. Bxa7 Nh6 19. Bb6+ Kb8 20. a6 bxa6 21. Rxa6 Rxd6 22. exd6 Kb7 23. Rfa1 c5 24. Bc7 Nxc7 25. Ra7+ Kc6 26. dxc7 Rc8 27. f3 Nf5 28. R1a6+ Kb5 29. g4 Nd4 30. Rd6 Ne6 31. Rb7+ Kc4 32. Rd7 f6 33. f4 Re8 34. f5 Nf4 35. Rd8 Re2 36. c8=Q 1-0

[Event "CZE Ch women"]
[Site "Usti nad Labem"]
[Date "1996.??.??"]
[Round "2"]
[White "Blazkova, Petra"]
[Black "Stankova, Zuzana"]
[Result "1-0"]
[WhiteElo "2180"]
[BlackElo "2130"]
[PlyCount "55"]
[EventDate "1996.??.??"]
[Source "www.chesslib.no"]
[SourceDate "2004.05.04"]

1. e4 d5 2. exd5 Qxd5 3. Nc3 Qa5 4. d4 e5 5. Nf3 Bg4 6. h3 Bxf3 7. Qxf3 Nd7 8. Bd2 Bb4 9. O-O-O Ngf6 10. dxe5 Nxe5 11. Bb5+ Qxb5 12. Nxb5 Bxd2+ 13. Rxd2 Nxf3 14. Nxc7+ Kf8 15. gxf3 Rc8 16. Re1 g6 17. Nb5 a6 18. Nc3 Re8 19. Rxe8+ Kxe8 20. Ne4 Ke7 21. Re2 Rc8 22. Nc5+ Kd6 23. Nxb7+ Kd7 24. b4 Nd5 25. Rd2 Ke6 26. Nc5+ Ke5 27. Nd7+ Ke6 28. Rxd5 1-0

[Event "Corr"]
[Site "?"]
[Date "1997.??.??"]
[Round "?"]
[White "Roldan Angel"]
[Black "Gajic Zoran"]
[Result "1-0"]
[WhiteElo "2100"]
[BlackElo "2200"]
[PlyCount "39"]
[EventDate "1997.??.??"]
[Source "www.chesslib.no"]
[SourceDate "2004.05.04"]

1. e4 d5 2. exd5 Qxd5 3. Nc3 Qa5 4. d4 e5 5. Nf3 Bb4 6. Bd2 Bg4 7. a3 Bxf3 8. Qxf3 Nc6 9. Bc4 O-O-O 10. Qg4+ Kb8 11. Qxg7 Nge7 12. O-O Bd6 13. Ne4 Qb6 14. Nxd6 cxd6 15. dxe5 Qxb2 16. Qxf7 dxe5 17. Bg5 Rdf8 18. Qe6 Re8 19. Rab1 Qxa3 20. Bxe7 1-0

[Event "CAN Ch"]
[Site "?"]
[Date "2004.08.29"]
[Round "9"]
[White "Barron Michael"]
[Black "Jung Hans Rudolf"]
[Result "1-0"]
[WhiteElo "2082"]
[BlackElo "2196"]
[PlyCount "99"]
[EventDate "2004.??.??"]
[Source "www.chesslib.no"]
[SourceDate "2004.05.04"]

1. e4 d5 2. exd5 Qxd5 3. Nc3 Qa5 4. d4 e5 5. dxe5 Nc6 6. Nf3 Bg4 7. Bb5 Bb4 8. Bxc6+ bxc6 9. O-O Bxc3 10. bxc3 Rd8 11. Qe2 Qxc3 12. Rb1 Bxf3 13. gxf3 Ne7 14. Rb3 Qa5 15. Ba3 Ng6 16. f4 Qd2 17. Qxd2 Rxd2 18. f5 Ne7 19. Rb8+ Rd8 20. Rfb1 c5 21. Bxc5 Nc6 22. R8b7 Rc8 23. f4 g6 24. f6 Kd7 25. Bxa7 Ke6 26. Rd1 Ra8 27. Be3 Rhc8 28. Ra1 Ra4 29. Kf2 Rc4 30. a4 Rxc2+ 31. Kf3 Na5 32. Rbb1 Rxh2 33. Bf2 Rh3+ 34. Bg3 Nc4 35. Rb4 Ne3 36. Kxe3 Rxg3+ 37. Kf2 Rc3 38. a5 Rd8 39. Ke2 Rc2+ 40. Ke3 Rc3+ 41. Ke4 Rdd3 42. Rc4 Re3+ 43. Kd4 Ra3 44. Rxa3 Rxa3 45. Rxc7 Rxa5 46. Re7+ Kf5 47. Rxf7 h5 48. Re7 Ra8 49. f7 Rf8 50. e6 1-0

[Event "Hagenbach Pfalz-ch"]
[Site "?"]
[Date "1998.??.??"]
[Round "?"]
[White "Gulde Juergen"]
[Black "Haag Guenter"]
[Result "1/2-1/2"]
[WhiteElo "2060"]
[BlackElo "2210"]
[PlyCount "29"]
[EventDate "1998.??.??"]
[Source "www.chesslib.no"]
[SourceDate "2004.05.04"]

1. e4 d5 2. exd5 Qxd5 3. Nc3 Qa5 4. d4 e5 5. dxe5 Qxe5+ 6. Qe2 Qxe2+ 7. Ngxe2 Nf6 8. Ng3 Bb4 9. Bd2 O-O 10. Be2 c6 11. O-O Be6 12. a3 Ba5 13. Rad1 Rd8 14. Nce4 Bxd2 15. Rxd2 1/2-1/2

[Event "C1.2001.0.00346"]
[Site "?"]
[Date "2001.??.??"]
[Round "?"]
[White "Budra Zilvinas"]
[Black "Gajic Zoran1"]
[Result "1-0"]
[WhiteElo "2000"]
[BlackElo "2270"]
[PlyCount "71"]
[EventDate "2001.??.??"]
[Source "www.chesslib.no"]
[SourceDate "2004.05.04"]

1. e4 d5 2. exd5 Qxd5 3. Nc3 Qa5 4. d4 e5 5. dxe5 Qxe5+ 6. Be2 Bb4 7. Bd2 Bg4 8. f4 Qe6 9. Nb5 Bxd2+ 10. Qxd2 Na6 11. Nd4 Qg6 12. Bb5+ Kf8 13. Ngf3 Qe4+ 14. Kf2 Nf6 15. Rhe1 Qd5 16. Bxa6 bxa6 17. Qe3 Re8 18. Ne5 g6 19. Kg1 Kg7 20. c4 Qb7 21. Qc3 Bc8 22. Ndc6 Re6 23. Na5 Qb6+ 24. c5 Qb5 25. f5 gxf5 26. Nb3 Re7 27. Re3 Rhe8 28. a4 Qb7 29. c6 Qb6 30. a5 Qxe3+ 31. Qxe3 f4 32. Qxf4 Rxe5 33. Rf1 Nd5 34. Qxf7+ Kh8 35. Nc5 Rg8 36. Nd7 1-0

[Event "CAN Ch"]
[Site "?"]
[Date "2004.08.24"]
[Round "5"]
[White "Barron Michael"]
[Black "Meng Ang"]
[Result "1-0"]
[WhiteElo "2082"]
[BlackElo "2175"]
[PlyCount "99"]
[EventDate "2004.??.??"]
[Source "www.chesslib.no"]
[SourceDate "2004.05.04"]

1. e4 d5 2. exd5 Qxd5 3. Nc3 Qa5 4. d4 e5 5. dxe5 Nc6 6. Nf3 Bg4 7. h3 Bxf3 8. Qxf3 O-O-O 9. Qxf7 Qxe5+ 10. Be3 Bb4 11. Bd3 Nh6 12. Qb3 Bc5 13. O-O-O Bxe3+ 14. fxe3 Qxe3+ 15. Kb1 Qg3 16. Be4 Rxd1+ 17. Rxd1 Re8 18. Qd5 Qd6 19. Qxd6 cxd6 20. Bxh7 Nf7 21. Kc1 Re5 22. Bg6 Ncd8 23. Rf1 Nh8 24. Bd3 Nhf7 25. Bc4 Ng5 26. Nb5 d5 27. Bd3 a6 28. Rf5 Nc6 29. Rxe5 Nxe5 30. Bf5+ Kd8 31. Nc3 g6 32. h4 Ngf7 33. Be6 d4 34. Ne4 Kc7 35. Bxf7 Nxf7 36. Nc5 Nd8 37. Kd2 Kd6 38. Nd3 Ne6 39. Ke2 b6 40. Kf3 Ng7 41. g4 g5 42. hxg5 Kd5 43. g6 a5 44. a4 Ne8 45. Kf4 Nf6 46. Kf5 Ng8 47. g7 Nh6+ 48. Kg6 Ng8 49. Kf7 Nh6+ 50. Kf8 1-0